000 00571pam a2200205 a 4500
020 _a019852789
_c2166.66
041 _aeng
_hNULL
082 _a616
_bWAR/COX/FI
100 _aWARRELL, P .
245 _aOXFORD TEXT BOOK OF MEDICINE VOL 3 SECTION 18- 33 /
_cNULL.
_hTextual Documents
250 _a4 /
_b.
260 _aNULL :
_bOXFORD UNIVERSITY PRESS ,
_c2003.
300 _a1504 :
_bxliv ;
_cNULL .
365 _a2166.66
700 _aCOX , T .
_aFIRTH, J .
907 _a3120
_a3123
930 _a711
999 _c795247
_d795247
650 _aGEN.MEDICINE